Squadre che hanno partecipato all'Europa League - Statistics

Statistiche generali
  • Questo quiz è stato fatto 53 volte
  • Il punteggio medio è 106 su 240
Statistiche sulle risposte
NAZIONE SQUADRA % Corretto
ITALIA Lazio
98%
ITALIA Milan
98%
ITALIA Roma
98%
ITALIA Inter
95%
ITALIA Juventus
95%
ITALIA Atalanta
91%
ITALIA Fiorentina
91%
INGHILTERRA Manchester United
88%
ITALIA Udinese
88%
ITALIA Napoli
86%
FRANCIA PSG/Paris
86%
INGHILTERRA Arsenal
84%
ITALIA Bologna
84%
GERMANIA BVB/Borussia/Dortmund
84%
INGHILTERRA Manchester City
84%
FRANCIA Monaco/AS
84%
ITALIA Torino
84%
BELGIO Bruges/Brugge/Club
81%
INGHILTERRA Chelsea
81%
UCRAINA Dinamo Kiev
81%
ITALIA Genoa
81%
FRANCIA Marsiglia/OM
81%
AUSTRIA Salisburgo
81%
ITALIA Sampdoria
81%
CROAZIA Dinamo Zagabria
79%
PORTOGALLO Porto
79%
AUSTRIA Rapid Vienna
79%
PORTOGALLO Sporting
79%
INGHILTERRA Tottenham
79%
INGHILTERRA Aston Villa
77%
FRANCIA Lione
77%
OLANDA PSV
77%
RUSSIA Zenit
77%
OLANDA Ajax
74%
BELGIO Anderlecht
74%
INGHILTERRA Everton
74%
TURCHIA Galatasaray
74%
INGHILTERRA Liverpool
74%
ITALIA Sassuolo
74%
GRECIA AEK/Atene
72%
GERMANIA Bayer Leverkusen
72%
PORTOGALLO Benfica
72%
SPAGNA Siviglia
72%
CIPRO AEK/Larnaca
70%
SPAGNA Atletico Madrid
70%
SPAGNA Barcellona
70%
GERMANIA Borussia/Mönchengladbach
70%
RUSSIA CSKA
70%
OLANDA Feyenoord
70%
ITALIA Palermo
70%
CECHIA Sparta Praga
70%
SCOZIA Celtic
67%
DANIMARCA Copenaghen
67%
BELGIO Genk
67%
ISRAELE Maccabi Haifa
65%
AZERBAIGIAN Qarabag
65%
GERMANIA Wolfsburg
65%
CIPRO Apoel
63%
SPAGNA Athletic/Club/Bilbao
63%
NORVEGIA Bodo/Glimt
63%
UNGHERIA Ferencvaros
63%
INGHILTERRA Leicester
63%
SVEZIA Malmo
63%
SCOZIA Rangers
63%
GERMANIA Schalke
63%
CECHIA Slavia Praga
63%
SERBIA Stella Rossa
63%
AUSTRIA Sturm Graz
63%
INGHILTERRA West Ham
63%
SVIZZERA Young Boys
63%
AUSTRIA Austria Vienna
60%
TURCHIA Besiktas
60%
PORTOGALLO Braga
60%
TURCHIA Fenerbahce
60%
BELGIO Gent
60%
INGHILTERRA Newcastle
60%
FRANCIA Nizza
60%
SPAGNA Valencia
60%
KAZAKISTAN Astana
58%
SVIZZERA Basilea
58%
ISRAELE Maccabi Tel Aviv
58%
GRECIA Panathinaikos
58%
SPAGNA Villareal
58%
INGHILTERRA Brighton
56%
FINLANDIA HJK/Helsinki
56%
FRANCIA Lille
56%
GERMANIA Lipsia
56%
GRECIA Paok
56%
OLANDA Alkmaar/Zaanstreek/AZ
53%
CROAZIA Hajduk/Split/Spalato
53%
POLONIA Legia Varsavia
53%
BULGARIA Ludogorets
53%
GRECIA Olympiacos
53%
SERBIA Partizan
53%
SPAGNA Real Sociedad
53%
NORVEGIA Rosenborg
53%
SVIZZERA Zurigo
53%
LETTONIA Riga/RFS
51%
BELGIO Royal/Antwerp/Anversa
51%
INGHILTERRA Wolves/Wolverhampton
51%
GERMANIA Amburgo
49%
FRANCIA Bordeaux
49%
BIELORUSSIA Dinamo Minsk
49%
CIPRO Omonia/Nicosia
49%
CROAZIA Rijeka
49%
SLOVACCHIA Slovan Bratislava
49%
RUSSIA Spartak Mosca
49%
FRANCIA Stade Rennais/Rennes
49%
GERMANIA Stoccarda
49%
SPAGNA Celta Vigo
47%
INGHILTERRA Fulham
47%
GERMANIA Mainz
47%
SLOVENIA Maribor
47%
BULGARIA CSKA Sofia
44%
GERMANIA Eintracht/Francoforte
44%
ISRAELE Hapoel/Beer/Sheva
44%
TURCHIA Istanbul/Basaksehir
44%
FRANCIA Nantes
44%
SPAGNA Real Betis
44%
MOLDAVIA Sheriff/Tiraspol
44%
BELGIO Standard/Lieg
44%
BELGIO Union/Saint Gilloise
44%
CIPRO AEL/Limassol
42%
SVEZIA AIK
42%
BIELORUSSIA Bate/Borisov
42%
DANIMARCA Brondby
42%
ROMANIA Cluj
42%
INGHILTERRA Crystal Palace
42%
RUSSIA Dinamo Mosca
42%
SPAGNA Espanyol
42%
ISRAELE Hapoel/Tel Aviv
42%
POLONIA Lech Poznan
42%
OLANDA Twente
42%
GERMANIA Colonia
40%
FRANCIA Lens
40%
SPAGNA Levante
40%
DANIMARCA Midtjylland
40%
TURCHIA Trabzonspor
40%
GERMANIA Werder/Brema
40%
CIPRO Apollon/Limassol
37%
UNGHERIA Debrecen
37%
GERMANIA Friburgo
37%
SPAGNA Getafe
37%
GERMANIA Hertha/Berlino
37%
SVIZZERA Lugano
37%
IRLANDA Shamrock Rovers
37%
CECHIA Viktoria/Plzen
37%
CIPRO Aris/Limassol
35%
LUSSEMBURGO Dudelange
35%
ROMANIA FCSB
35%
ISRAELE Hapoel/Ironi/Kiryat/Shmona
35%
GERMANIA Hoffenheim
35%
RUSSIA Krasnodar
35%
NORVEGIA Molde
35%
FRANCIA Saint Etienne
35%
SVIZZERA San Gallo
35%
UCRAINA Shakhtar Donetsk
35%
INGHILTERRA Southampton
35%
ROMANIA Steaua Bucarest
35%
DANIMARCA AAB/Aalborg
33%
UCRAINA Dnipro
33%
BULGARIA Levski Sofia
33%
PORTOGALLO Rio Ave
33%
RUSSIA Rubin Kazan
33%
OLANDA Utrecht
33%
AUSTRIA Lask
30%
RUSSIA Lokomotiv Mosca
30%
SVIZZERA Servette
30%
FRANCIA Tolosa
30%
GRECIA Aris
28%
GERMANIA Augsburg/Augusta
28%
PORTOGALLO Vitoria
28%
INGHILTERRA Birmingham
26%
SVIZZERA Sion
26%
INGHILTERRA Swansea
26%
SVIZZERA Thun
26%
OLANDA Vitesse
26%
OLANDA Go Ahead Eagles
23%
OLANDA Groningen
23%
SVIZZERA Losanna
23%
TURCHIA Sivasspor
23%
GERMANIA Hannover
21%
ROMANIA Rapid Bucarest
21%
INGHILTERRA Stoke
21%
SPAGNA Granada
19%
UCRAINA Metalist/Kharkiv
19%
RUSSIA Rostov
19%
INGHILTERRA Wigan
19%
UCRAINA Zorya/Luhansk
19%
IRLANDA Dundalk
16%
CECHIA Slovan Liberec
16%
NORVEGIA Tromso
16%
AUSTRIA Wolfsberger
16%
ROMANIA Dinamo Bucarest
14%
FRANCIA Guingamp
14%
POLONIA Raków/Częstochowa
14%
ALBANIA Skënderbeu/Korçë
14%
GERMANIA Union Berlino
14%
BELGIO Zulte/Waregem
14%
SVEZIA Elfsborg
12%
PORTOGALLO Estoril
12%
RUSSIA Anzhi/Makhachkala
9%
ROMANIA Astra Giurgiu
9%
OLANDA Heerenveen
9%
AZERBAIGIAN Neftci
9%
DANIMARCA Odense
9%
MACEDONIA Vardar
9%
POLONIA Wisła/Kraków
9%
PORTOGALLO Academica
7%
PORTOGALLO Belenenses
7%
SVEZIA Hacken
7%
SVEZIA Helsingborg
7%
TURCHIA Konyaspor
7%
PORTOGALLO Maritimo
7%
SVEZIA Ostersunds
7%
PORTOGALLO Pacos
7%
SLOVACCHIA Spartak Trnava
7%
CECHIA Zlin
7%
GRECIA Asteras Tripolis
5%
DANIMARCA Esbjerg
5%
AZERBAIGIAN Gabala
5%
CECHIA Jablonec
5%
UCRAINA Karpaty/Lviv/Leopoli
5%
RUSSIA Kuban
5%
NORVEGIA Sarpsborg
5%
ROMANIA Unirea/Urziceni
5%
ROMANIA Vaslui
5%
LETTONIA Ventspils
5%
UCRAINA Vorskla/Poltava
5%
TURCHIA Akhisarspor
2%
UCRAINA Chornomorets/Odessa
2%
UNGHERIA Fehervar
2%
PORTOGALLO Nacional
2%
UCRAINA Oleksandriya
2%
TURCHIA Osmanlıspor
2%
ROMANIA Pandurii/Târgu/Jiu
2%
KAZAKISTAN Shakhter/Karagandy
2%
SERBIA TSC
2%
BELGIO Lokeren-Temse
0%
ROMANIA Politehnica/Timișoara
0%
Nessun quiz corrispondente trovato
Distribuzione punteggi
Percentuale di utenti per punteggio
Percentile per numero di risposta
I tuoi punteggi nel tempo
Non hai fatto questo quiz